| 000 | 00789nam a2200217 a 4500 | ||
|---|---|---|---|
| 005 | 20210219160304.0 | ||
| 008 | 081006s1995 mx r 000 0 spa d | ||
| 035 | _aUPN01000162476 | ||
| 049 | _aUNE | ||
| 080 | _a376.74 (84) "1995" ALB Vol.2. | ||
| 100 | 1 | _aAlbo, Xavier | |
| 245 | 1 | 0 |
_aBolivia plurilingüe : _bguía para planificadores y educadores : Volumen 2 / _cXavier Albo. |
| 260 |
_aLa Paz, Bolivia : _bUNICEF; _bCIPSA, _c1995. |
||
| 300 |
_axiv, 249 p. ; _bmap., fot., lamns. |
||
| 440 | 0 | _aCuadernos de investigación; 44, vol. 2 | |
| 690 | _aEducacion bilingüe- Bolivia | ||
| 690 | _aEducacion lingüistica- Bilingüismo | ||
| 690 | _aBolivia- Educacion bilingüe | ||
| 710 | 2 | _aUNICEF II.CIPCA. Centro de Investigación y Promoción del Campesinado | |
| 905 | _aUNESCO | ||
| 999 |
_c134589 _d134589 |
||